000
00309nam a22001337a 4500
020
_a
1-841-191584
082
_a
823
_b
RAN/H
100
_a
RANSFORD, SANDY
245
_a
HILLARIOUSLY FUNNY VERSE
260
_a
LONDON
_b
ROBINSON CHILDREN'S BOOK
_c
2000
300
_a
184
520
_a
FUNNY COLLECTION
942
_c
BK
999
_c
6472
_d
6472